Le crime de poison au Moyen Age /
Libro que echa por tierra el lugar común que piensa a la Edad Media como una etapa ciertamente violenta, pero no caracterizada por el uso criminal del veneno. El autor pone de manifiesto que en realidad los asesinatos por envenenamiento fueron una práctica muy común en el medioevo y que, por tanto,...
Guardado en:
| Autor principal: | |
|---|---|
| Formato: | Libro |
| Idioma: | Francés |
| Publicado: |
París, Francia :
Presses Universitaires de France,
2003, c2003
|
| Colección: | (Le Noeud Gordien)
|
| Temas: | |
| Etiquetas: |
Sin etiquetas, Sé el primero en etiquetar este registro!
|
MARC
| LEADER | 00000nam^a2200000^a^4500 | ||
|---|---|---|---|
| 001 | 000181864 | ||
| 005 | 20250521000000.0 | ||
| 009 | 20260310101946.865 | ||
| 020 | |a 2-13-052470-2 | ||
| 037 | |a Acervo ITESO - Biblioteca | ||
| 041 | |a FRA | ||
| 082 | |a 364. 1523094014 |b COL | ||
| 100 | |a Collard, Franck |e (autor) | ||
| 245 | 1 | 3 | |a Le crime de poison au Moyen Age / |c F. Collard. |
| 264 | 4 | |a París, Francia : |b Presses Universitaires de France, |c 2003, c2003 | |
| 300 | |a 303 p. | ||
| 336 | |a texto |b txt |2 rdacontenido | ||
| 337 | |a sin mediación |b n |2 rdamedio | ||
| 338 | |a volumen |b nc |2 rdasoporte | ||
| 440 | 4 | |a (Le Noeud Gordien) | |
| 520 | |a Libro que echa por tierra el lugar común que piensa a la Edad Media como una etapa ciertamente violenta, pero no caracterizada por el uso criminal del veneno. El autor pone de manifiesto que en realidad los asesinatos por envenenamiento fueron una práctica muy común en el medioevo y que, por tanto, en ese sentido hay una continuidad entre Roma y el Renacimiento. | ||
| 649 | |a XX | ||
| 650 | |a Venenos - |z Europa - |x Historia - |y 476-1492 | ||
| 650 | |a Envenenamiento - |z Europa - |x Historia - |y 476-1492 | ||
| 650 | |a Asesinato - |z Europa - |x Historia - |y 476-1492 | ||
| 650 | |a Delitos contra la Persona - |z Europa - |x Historia - |y 476-1492 | ||
| 650 | |a Prácticas Culturales - |z Europa - |x Historia - |y 476-1492 | ||
| 650 | |a Criminología | ||
| 650 | |a Sociología de la Cultura | ||
| 650 | |a Historia Social | ||
| 650 | |a Edad Media - |x Historia | ||
| 650 | |a Europa - |x Historia - |y 476-1492 | ||
| 910 | |a Fondo General | ||
| 920 | |a Impresos - Libros | ||
| 930 | |a Colección General | ||
| 905 | |a 101 | ||
| 901 | |a 0500121446 |b IT1 |c ACC |u 20250521 | ||
| 902 | |a https://opac.biblio.iteso.mx/vufind/Record/000181864 | ||